Countries with the most plane crashes - Statistics

General Stats
  • This quiz has been taken 108 times
  • The average score is 7 of 10
Answer Stats
Country % Correct
United States
99%
Russia
84%
Canada
82%
France
82%
Brazil
76%
United Kingdom
76%
India
75%
Mexico
70%
Indonesia
51%
Colombia
33%
No matching quizzes found
Score Distribution
Percent of People with Each Score
Percentile by Number Answered
Your Score History
You have not taken this quiz